000 00285nam a22001217a 4500
003 SGT
082 _a305.42
_bCOR
100 _aCORDUCK PAMELA
245 _aTHE FUTURES OF WOMEN
_bSCENARIOS FOR THE 21ST CENTURY
260 _aUSA
_bADDISON WESLEY
_c1996
300 _a288
942 _2ddc
_cBK
999 _c33348
_d33348